00337nam a2200109Ia 4500008004100000041000800041100002000049245007900069260003700148300000900185700003300194250110s9999 xx 000 0 und d aeng aChitnis Pallavi aPost Occupancy Evaluation For Lighting Performance Of Rated Office In Pune bM.Arch Environmental, Punec2013 a200p aGuide Name:Dhamankar Namrata